00410nam a2200157Ia 4500008004100000100002200041245006200063245002200125260000700147260001300154260000900167300000700176500003500183650002100218650001300239190406s9999 xx 000 0 und d aAlexander Barinov aStocks with extreme past returns: Lotteries or insurance? cAlexander Barinov bCL belsevier c2018 aCL aJournal of Financial Economics xExtreme returns  xSkewness